Manual de obligaciones civiles y comerciales : según el nuevo Código Civil y Comercial de la Nación /

Guardado en:
Autor Principal: Wierzba, Sandra M.
Otros Autores: Compagnucci de Caso, Rubén H., (prol.)
Formato: Libro
Idioma:Spanish
Publicado: Ciudad Autónoma de Buenos Aires : Abeledo Perrot, 2015
Edición:1a. ed., 1a. reimp.
Series:Manuales universitarios
Materias:
Etiquetas: Agregar Etiqueta
Sin Etiquetas, Sea el primero en etiquetar este registro!
LEADER 00778nam a22001935a 4500
001 DER.der013483
008 180615s2015####ag#||||||||||||||#||spa||
005 20251217092031.0
245 1 0 |a Manual de obligaciones civiles y comerciales :  |b según el nuevo Código Civil y Comercial de la Nación /  |c Sandra M. Wierzba ; prólogo de Rubén H. Compagnucci de Caso. 
250 |a 1a. ed., 1a. reimp. 
260 |a Ciudad Autónoma de Buenos Aires :  |b Abeledo Perrot,  |c 2015 
300 |a 413 p. 
490 1 |a Manuales universitarios 
020 |a 9789502026756 
100 1 |a Wierzba, Sandra M. 
700 1 |a Compagnucci de Caso, Rubén H.,  |e prol. 
650 7 |a DERECHO DE LAS OBLIGACIONES 
859 |a DERECHO  |b BIB. DERECHO  |h 346.02  |i WIE  |p 008454 
859 |a DERECHO  |b BIB. DERECHO  |h 346.02  |i WIE  |p 008455  |t 1